Word Ladder: Primetime Lineup Quiz Stats

 Plays Quiz Updated Aug 9, 2012

Support Sporcle.
Go Orange.
Score 0/48 Timer 05:00
0 Plays Today
% Correct
JUDE
91.5%
MATH
88.7%
BOSS
83.5%
JOSE
83.2%
SOAK
83.1%
MATT
83%
ROSS
82.8%
JUKE
82.2%
SOCK
81.4%
JOKE
81.2%
DUDE
80.7%
HIDE
80.2%
SOAR
80.1%
TIDE
79.6%
PINK
79.4%
HIRE
78.8%
MALT
77.4%
PINE
76.7%
PICK
76.5%
FATE
75.7%
POUR
75.3%
METH
74.8%
DATE
74.8%
BING
74.4%
% Correct
FOUR
73.8%
POUT
73.4%
WINE
72.8%
FINE
72.6%
BOUT
69.5%
ROCK
68.1%
WALT
67.7%
BINS
66.5%
STAR
65.5%
FACE
64.1%
WISE
60.7%
NOTE
60%
DOTE
59.6%
BODS
50%
BIDS
45.8%
FINN
45.2%
PUCK
44.8%
BOAT
39.5%
TIME
39.1%
HIRO
31.2%
ZINE
30.9%
ZONE
30.7%
BONE
24.8%
WISH
23.2%

Today's Daily Dose

You're not logged in!

Compare scores with friends on all Sporcle quizzes.
OR
Log In
Forgot?

From the Vault

The Unwelcome Guest III

by Thebiguglyalien

It appears a few of these characters have worn out their welcome.
Remove Ads.
Support Sporcle.
Get the best of Sporcle when you Go Orange. This ad-free experience offers more features, more stats, and more fun while also helping to support Sporcle. Thank you for becoming a member.

Show Comments

Extras

Top Quizzes Today


Score Distribution

Your Account Isn't Verified!

In order to create a playlist on Sporcle, you need to verify the email address you used during registration. Go to your Sporcle Settings to finish the process.

Report this User

Report this user for behavior that violates our Community Guidelines.

Details: